[Event "RUS-ch Girls U21 2021"]
[Site "Loo"]
[Date "2021.04.23"]
[Round "3.4"]
[White "Koroleva, Evgeniya"]
[Black "Nasyrova, Ekaterina"]
[Result "0-1"]
[WhiteElo "1884"]
[BlackElo "2273"]
[Annotator "TA"]
[PlyCount "186"]
[EventDate "2021.04.21"]
[EventType "swiss"]
[EventCountry "RUS"]
[SourceTitle "playchess.com"]
[Source "ChessBase"]
[SourceQuality "1"]

{[%evp 21,186,0,25,8,16,0,0,-26,-34,-38,-24,-52,-28,-97,-20,-28,-23,-24,0,0,0,-5,4,0,0,9,25,14,5,18,12,0,18,0,0,0,0,-39,0,0,-1,-22,-3,-30,-7,-78,-19,-28,-13,-8,0,-9,-10,-137,-129,-357,-10,-6,0,-18,15,-20,-16,-16,-21,-12,15,0,32,0,18,0,0,0,10,-101,-100,-199,-102,-58,-56,-642,-102,-119,0,-544,0,0,0,0,0,0,0,0,0,-1041,-911,-1371,-1371,-1182,-1182,-1422,-1400,-1322,-1302,-1377,-1233,-29974,-29975,-29960,-884,-1000,-929,-1184,-842,-1168,-1083,-3017,-2750,-29968,-29963,-2848,-271,-257,-247,-559,-556,-29965,-29969,-29967,-29970,-29967,-29968,-29974,-29976,-29984,-29985,-29983,-29984,-29987,-29987,-29987,-29988,-29992,-29990,-29991,0,-29992,-29991,-29993,-29992,-29992,-29991,-29996,-29992,-29994,-29993,-29993,-29992,-29992,-29992,-29992,-29993,-29996,-29997,-29998,-29999]} 1. d4 d5 2. c4 e6 3. Nc3 Nf6 4. cxd5 exd5 5. Bg5 c6 6. e3 Be7 7. Bd3 O-O 8. Qc2 h6 9. Bh4 Re8 10. Nge2 Nbd7 11. f3 {is currently scoring better than 11.0-0.} c5 12. dxc5 {[#] D36: Queen's Gambit Declined: Exchange Variation: Main line (5 Bg5 c6 6 Qc2).} Qa5 $146 ({Predecessor:} 12... Nxc5 13. Bb5 Bd7 14. Bxd7 Qxd7 15. O-O-O Qe6 16. Bf2 Rac8 17. Nf4 Qa6 18. Nfxd5 Nxd5 19. Rxd5 Na4 {1-0 (30) Gutkovich,P (2061)-Zvereva,M (1937) Chess.com INT 2020}) 13. Bb5 a6 14. Bxf6 {The position is equal.} Bxf6 15. Bxd7 Bxd7 16. Qd2 Bc6 17. Rc1 (17. Kf2 $11) 17... Bh4+ (17... Qxc5 $17 18. Ne4 Bh4+ 19. g3 Qb6 20. gxh4 dxe4) 18. Kf1 $11 Qxc5 19. Nd4 Rac8 20. Nce2 Qf8 21. g3 Bf6 22. Kf2 Qe7 23. Rc2 h5 24. Rhc1 {[%cal Rd4c6]} Qd7 25. Kg2 h4 26. Nf4 Qd6 27. Nfe2 Bd7 28. Rxc8 Bxc8 29. Kf2 Qe5 30. Nf4 g5 31. Nd3 Qd6 32. Re1 Kg7 33. Qc2 (33. Qc3 $11 Rh8 34. Rg1 {[%mdl 64] Remove Defender}) 33... Qd7 (33... Bxd4 $17 34. exd4 Rh8) 34. g4 Qd8 35. Qd2 Qb6 36. Qb4 Qc7 37. Kg2 (37. Kg1 $11 {remains equal.}) 37... h3+ $1 $17 38. Kh1 $2 (38. Kg1 $17) 38... Bd7 $2 (38... Qc4 $19 39. Qc3 Bd7) 39. Rc1 $132 {[%mdl 2048] White is fighting back} Qb8 40. Nc5 Bc6 41. Qc3 (41. Kg1 {keeps more tension.} Qe5 42. Nf5+ Kg8 43. Nd3 Qe6 44. a4) 41... Bxd4 42. Qxd4+ Qe5 {Strongly threatening ...Qxd4.} 43. Nb3 f6 44. Rc3 Re7 (44... a5 {with more complications.} 45. Qd3 f5 46. Qxf5 Qxf5 47. gxf5 g4) 45. Qd2 (45. Kg1 {looks sharper.} Be8 46. Qxe5 fxe5 47. Kf2 Bc6 48. Kg3) 45... Bd7 46. Nd4 (46. Qd3 {seems wilder.} Bb5 47. Qb1 Rc7 48. Rxc7+ Qxc7 49. Kg1) 46... f5 47. gxf5 Bxf5 48. Nxf5+ (48. Kg1 $11) 48... Qxf5 {[%mdl 4096] Endgame KQR-KQR} 49. Qd1 (49. Kg1 $17) 49... Kh6 (49... g4 $1 $19 {[%cal Rg4f3]} 50. e4 Rxe4 $1 {[%mdl 512]}) 50. Kg1 $17 Rf7 51. Kf2 $2 {[%mdl 8192]} (51. Rc5 $15) 51... Qe5 $2 (51... Qe4 $1 $19 {is more deadly.} 52. Rc2 g4) 52. Kg1 Qf5 $2 {[%mdl 8192]} (52... g4 $1 $17 {[%cal Rg4f3]} 53. f4 Qe4) 53. Kf2 $19 Qg4 $2 (53... Qe4 $1 $19 {Hoping for ...g4.} 54. Rb3 g4) 54. Qxd5 $11 Qg2+ 55. Ke1 Qh1+ (55... Rxf3 $5 56. Qe6+ $8 Kh5 57. Qe8+ Kh6 58. Qe6+ Kh5 59. Qe8+ Kh6 60. Qe6+ $11) 56. Ke2 Qxh2+ 57. Kd3 Rf6 {...Rd6! is the strong threat.} 58. Qg8 $2 {[%mdl 8192] Black continues to play with concentration.} (58. f4 $11 Qg2 59. Qe5 Qf1+ 60. Kd2 Qg2+ 61. Kd3) 58... Qd6+ $19 59. Kc2 Rxf3 60. Qh8+ Kg6 {Threatens to win with ...Rf2+.} 61. Rc8 Rf2+ 62. Kb3 Qe6+ 63. Ka3 Qxe3+ 64. Rc3 Qe7+ 65. b4 h2 ({Not} 65... a5 66. Qg8+ Kf6 67. Qh8+ Kg6 68. Qg8+ Kf6 69. Qh8+ Qg7 70. Qxg7+ Kxg7 71. Rxh3 $19) (65... Qe6 $142 66. Rb3 a5 67. Qd4 axb4+ 68. Kxb4 Rf4 69. Kc3 Qc8+ 70. Kd3 Qf5+ 71. Ke3 Rxd4 72. Rb6+ Kh5 73. Rh6+ Kxh6 74. Kxd4 h2 75. Ke3 h1=Q 76. Kd2 Qhb1 77. Ke2 Qxa2+ 78. Ke3 Qaf2#) 66. Qg8+ Kf5 67. Qc8+ Kf4 68. Rc4+ Ke5 69. Rc5+ {[#]} Kf6 $1 70. Qh8+ Kg6 71. Qg8+ Kh5 $2 (71... Kh6 72. Qh8+ Qh7) 72. Qh8+ {[#]} Kg4 $1 73. Rc4+ $2 (73. Qc8+ Kh5 74. Qh3+ Kg6 75. Qd3+ Kg7 76. Qd4+ Kh6 77. Rc8 Rf3+ 78. Kb2) 73... Rf4 74. Rxf4+ gxf4 75. Qxh2 {KQ-KQ} Qe3+ 76. Ka4 f3 77. Qh7 f2 78. Qg8+ Kf3 79. Qd5+ Ke2 80. Qc4+ Ke1 81. Qh4 b6 82. a3 Ke2 83. Qc4+ Ke1 84. Qh4 Kd2 {Black mates.} 85. Qh1 Qe8+ 86. Kb3 Qe2 87. Qh8 Qe3+ 88. Ka4 f1=Q {[%cal Rf1d1]} 89. Qb2+ Ke1 {[%csl Ga6][%cal Rf1b5]} 90. Qb1+ Kf2 {[%csl Ga6][%cal Rf1b5]} 91. Qf5+ Qf3 92. Qc2+ Q1e2 {[%cal Re2c2]} 93. Qc4 Qd1+ {Weighted Error Value: White=0.58/Black=0.50} 0-1

[Event "RUS-ch Girls U21 2021"]
[Site "Loo"]
[Date "2021.04.23"]
[Round "3.5"]
[White "Zotova, Anastasia"]
[Black "Serditykh, Olesya"]
[Result "1/2-1/2"]
[WhiteElo "2160"]
[BlackElo "1961"]
[Annotator "NA"]
[PlyCount "113"]
[EventDate "2021.04.21"]
[EventType "swiss"]
[EventCountry "RUS"]
[SourceTitle "playchess.com"]
[Source "ChessBase"]
[SourceQuality "1"]
[TimeControl "40/5400+30:1800+30"]

1. e4 {[%emt 0:00:00]} e6 {[%emt 0:00:00]} 2. d4 {[%emt 0:00:00]} d5 {[%emt 0:00:00]} 3. Nc3 {[%emt 0:00:00]} Bb4 {[%emt 0:00:00]} 4. exd5 {[%emt 0:00:00]} exd5 {[%emt 0:00:02]} 5. Qf3 {[%emt 0:00:00]} Ne7 {[%emt 0:09:03]} 6. Bd3 {[%emt 0:00:15]} Be6 {[%emt 0:05:22]} 7. Nge2 {[%emt 0:00:30]} Nbc6 {[%emt 0:03:03]} 8. Bf4 {[%emt 0:01:00]} Ng6 {[%emt 0:02:47]} 9. Bg3 {[%emt 0:02:50]} Qd7 {[%emt 0:03:36]} 10. Qe3 {[%emt 0:08:27]} O-O-O {[%emt 0:07:24]} 11. O-O-O {[%emt 0:01:10]} a6 {[%emt 0:02:01]} 12. a3 {[%emt 0:01:37]} Be7 {[%emt 0:06:36]} 13. Kb1 {[%emt 0:03:07]} Bf5 {[%emt 0:05:55]} 14. h4 {[%emt 0:03:10]} h5 {[%emt 0:01:35]} 15. Qf3 {[%emt 0:04:53]} Bxd3 {[%emt 0:00:33]} 16. Rxd3 {[%emt 0:04:58]} Bf6 {[%emt 0:07:52]} 17. Na4 {[%emt 0:06:18]} Qg4 {[%emt 0:04:58]} 18. Qxg4+ {[%emt 0:10:35]} hxg4 {[%emt 0:00:10]} 19. h5 {[%emt 0:00:16]} Nge7 {[%emt 0:01:30]} 20. Nc5 {[%emt 0:03:28]} Nf5 {[%emt 0:03:02]} 21. Rb3 {[%emt 0:04:00]} Na5 {[%emt 0:08:04]} 22. Rc3 {[%emt 0:02:56]} Nxd4 {[%emt 0:10:57]} 23. Nxd4 {[%emt 0:01:27]} Bxd4 {[%emt 0:00:06]} 24. Bxc7 {[%emt 0:00:07]} Bxc3 {[%emt 0:02:53]} 25. Bxd8 {[%emt 0:00:11]} Kxd8 {[%emt 0:02:23]} 26. bxc3 {[%emt 0:00:06]} Kc7 {[%emt 0:00:12]} 27. Rh4 {[%emt 0:00:24]} Kd6 {[%emt 0:00:44]} 28. Nb3 {[%emt 0:01:31]} Nxb3 {[%emt 0:00:58]} 29. cxb3 {[%emt 0:00:06]} f5 {[%emt 0:00:19]} 30. Kc2 {[%emt 0:00:06]} Ke5 {[%emt 0:01:13]} 31. Kd3 {[%emt 0:00:08]} Rh6 {[%emt 0:00:17]} 32. Rh1 {[%emt 0:00:47]} Kd6 {[%emt 0:01:10]} 33. Kd4 {[%emt 0:00:52]} Re6 {[%emt 0:00:17]} 34. f3 {[%emt 0:00:27]} f4 {[%emt 0:05:41]} 35. Rh4 {[%emt 0:01:04]} Re2 {[%emt 0:00:19]} 36. Kd3 {[%emt 0:01:06]} Re3+ {[%emt 0:04:01]} 37. Kd2 {[%emt 0:00:55]} gxf3 {[%emt 0:00:07]} 38. Rxf4 {[%emt 0:00:27]} fxg2 {[%emt 0:01:53]} 39. Rg4 {[%emt 0:00:10]} Rh3 {[%emt 0:00:10]} 40. Rxg2 {[%emt 0:00:00]} Rxh5 {[%emt 0:00:00]} 41. Rxg7 {[%emt 0:00:25]} Kc6 {[%emt 0:00:10]} 42. Re7 {[%emt 0:01:45]} Rh2+ {[%emt 0:01:26]} 43. Re2 {[%emt 0:00:06]} Rh3 {[%emt 0:00:29]} 44. Re3 {[%emt 0:00:24]} Rh2+ {[%emt 0:00:08]} 45. Kd3 {[%emt 0:02:02]} Rb2 {[%emt 0:00:23]} 46. b4 {[%emt 0:00:47]} Ra2 {[%emt 0:00:56]} 47. Kd4 {[%emt 0:00:19]} Rxa3 {[%emt 0:00:32]} 48. Re6+ {[%emt 0:00:12]} Kc7 {[%emt 0:01:39]} 49. Re5 {[%emt 0:00:16]} Ra1 {[%emt 0:00:51]} 50. Kxd5 {[%emt 0:00:26]} Rd1+ {[%emt 0:00:08]} 51. Kc4 {[%emt 0:00:22]} Kc6 {[%emt 0:00:49]} 52. Re6+ {[%emt 0:00:09]} Rd6 {[%emt 0:00:30]} 53. Rxd6+ {[%emt 0:01:47]} Kxd6 {[%emt 0:00:04]} 54. Kd4 {[%emt 0:00:20]} b6 {[%emt 0:00:23]} 55. c4 {[%emt 0:00:19]} a5 {[%emt 0:00:47]} 56. Kc3 {[%emt 0:00:32]} axb4+ {[%emt 0:00:17]} 57. Kxb4 {[%emt 0:00:05]} 1/2-1/2

[Event "RUS-ch Girls U21 2021"]
[Site "Loo"]
[Date "2021.04.23"]
[Round "3.6"]
[White "Kochukova, Anna"]
[Black "Filippova, Darya"]
[Result "1/2-1/2"]
[WhiteElo "2108"]
[BlackElo "1915"]
[Annotator "TA"]
[PlyCount "129"]
[EventDate "2021.04.21"]
[EventType "swiss"]
[EventCountry "RUS"]
[SourceTitle "playchess.com"]
[Source "ChessBase"]
[SourceQuality "1"]

{[%evp 12,129,26,25,39,33,48,35,51,31,37,26,14,24,51,47,62,33,83,66,58,15,65,42,75,0,0,1,39,5,5,16,8,24,16,0,10,16,43,0,-15,-12,-13,-14,-16,-19,-10,-53,-51,-52,-18,-22,-18,-19,-19,-19,-19,-45,-25,-29,-21,-65,-42,-43,-22,-50,-43,-44,0,0,0,0,0,0,0,0,0,-7,0,0,-3,-29,0,0,0,0,0,0,0,0,0,0,0,0,0,0,0,0,0,0,0,0,0,0,0,0,0,0,0,0,0,0,0,0,0,0,0,0,0,0]} 1. e4 c6 2. d4 d5 3. Nc3 dxe4 4. Nxe4 Nf6 5. Nxf6+ exf6 6. c3 Bd6 7. Bd3 Na6 {[%cal Bb8a6,Ba6c7,Bc7d5][%mdl 32] B15: Caro-Kann: 3 Nc3: 3...g6 and 3...dxe4 4 Nxe4 Nf6 5 Nxf6+ exf6.} 8. Qc2 Nc7 9. Ne2 {[#]} Nd5 $146 {White is slightly better.} ({Predecessor:} 9... h5 10. Ng3 g6 11. Ne4 Be7 12. Bd2 f5 13. Ng3 Be6 14. f3 Nd5 15. O-O-O b5 {0-1 (38) Mammadzada,G (2443)-Eljanov,P (2672) Tornelo INT 2021}) 10. a3 h5 11. c4 Ne7 12. Bd2 Rb8 13. O-O Kf8 14. Rfe1 h4 15. Nc3 Bc7 16. d5 Qd6 17. f4 $1 Bb6+ {[#]} 18. Be3 (18. Kf1 $1 $16) 18... cxd5 $11 19. cxd5 Bd7 20. Bxb6 (20. Qf2 $5) 20... Qxb6+ 21. Qf2 Qxf2+ 22. Kxf2 Rd8 23. Rac1 h3 24. g3 Bg4 25. Be4 f5 26. Bb1 Rh6 27. Re3 Rhd6 28. Ba2 a6 29. Rce1 Ng8 30. Re5 Nf6 31. Re7 Ne4+ 32. Nxe4 Kxe7 33. Nxd6+ Kxd6 {[%mdl 4096] Endgame KRB-KRB} 34. Re3 Rc8 35. Rc3 Re8 {[#] ...Re2+ is the strong threat.} 36. Rc2 Re4 37. Rd2 Re7 38. Bb3 f6 39. Bc2 g5 40. Bd3 Rc7 41. Ke3 Rc1 42. Kd4 Rg1 43. Rc2 Rg2 44. b4 gxf4 45. gxf4 Bd1 46. Rc1 Bb3 (46... Bh5 {with more complications.} 47. Rc2 Bg4 48. Ke3 Rg1 49. Kd4 Rd1) 47. Bxf5 {The position is equal.} Rxh2 48. Rc8 $1 {[%cal Rc8d8] next Rd8+ is good for White.} Rh1 49. Rd8+ Kc7 50. Rd7+ Kb6 {aiming for ...h2.} 51. Be4 Rd1+ 52. Kc3 f5 53. Bxf5 h2 54. Be4 Re1 {Hoping for ...Re3+.} 55. Kxb3 {KRB-KR} Re3+ 56. Kb2 Rxe4 {KR-KR} 57. Rh7 Rxf4 58. Rxh2 Rf3 59. Rc2 a5 60. Rc3 Rf5 61. Rd3 axb4 62. axb4 Kc7 63. Kc3 b5 $1 64. Kd4 {Threatens to win with Kc5.} Kd6 65. Ke4 {Weighted Error Value: White=0.09/Black=0.08} 1/2-1/2

[Event "RUS-ch Girls U21 2021"]
[Site "Loo"]
[Date "2021.04.23"]
[Round "3.7"]
[White "Shvedova, Alexandra"]
[Black "Bogdanova, Darya"]
[Result "1-0"]
[WhiteElo "2000"]
[BlackElo "1762"]
[Annotator "NA"]
[PlyCount "95"]
[EventDate "2021.04.21"]
[EventType "swiss"]
[EventCountry "RUS"]
[SourceTitle "playchess.com"]
[Source "ChessBase"]
[SourceQuality "1"]
[TimeControl "40/5400+30:1800+30"]

1. e4 {[%emt 0:00:00]} e5 {[%emt 0:00:00]} 2. Nf3 {[%emt 0:00:00]} Nc6 {[%emt 0:00:00]} 3. Bc4 {[%emt 0:00:00]} Bc5 {[%emt 0:00:00]} 4. O-O {[%emt 0:00:11]} Nf6 {[%emt 0:00:02]} 5. d3 {[%emt 0:00:05]} O-O {[%emt 0:00:18]} 6. c3 {[%emt 0:00:09]} d6 {[%emt 0:00:19]} 7. a4 {[%emt 0:00:15]} a6 {[%emt 0:00:13]} 8. Nbd2 {[%emt 0:00:30]} Be6 {[%emt 0:01:49]} 9. h3 {[%emt 0:02:50]} Re8 {[%emt 0:05:23]} 10. Re1 {[%emt 0:01:18]} Qd7 {[%emt 0:07:18]} 11. b4 {[%emt 0:10:45]} Bb6 {[%emt 0:03:56]} 12. Bb2 {[%emt 0:09:41]} Rad8 {[%emt 0:04:41]} 13. Qb3 {[%emt 0:03:18]} d5 {[%emt 0:04:16]} 14. exd5 {[%emt 0:00:58]} Bxd5 {[%emt 0:00:09]} 15. Rad1 {[%emt 0:08:01]} Qf5 {[%emt 0:13:38]} 16. Ne4 {[%emt 0:28:12]} Nxe4 {[%emt 0:13:48]} 17. dxe4 {[%emt 0:00:11]} Bxe4 {[%emt 0:00:08]} 18. Bxf7+ {[%emt 0:00:24]} Qxf7 {[%emt 0:01:03]} 19. Qxf7+ {[%emt 0:00:07]} Kxf7 {[%emt 0:00:05]} 20. Ng5+ {[%emt 0:00:07]} Kg8 {[%emt 0:00:21]} 21. Nxe4 {[%emt 0:00:07]} h6 {[%emt 0:14:03]} 22. Kf1 {[%emt 0:03:08]} Kf7 {[%emt 0:03:03]} 23. Nd2 {[%emt 0:02:56]} e4 {[%emt 0:03:57]} 24. Nc4 {[%emt 0:01:32]} Ba7 {[%emt 0:05:38]} 25. b5 {[%emt 0:05:14]} axb5 {[%emt 0:01:48]} 26. axb5 {[%emt 0:00:05]} Rxd1 {[%emt 0:01:49]} 27. Rxd1 {[%emt 0:00:04]} Ne5 {[%emt 0:00:08]} 28. Nxe5+ {[%emt 0:00:54]} Rxe5 {[%emt 0:00:02]} 29. c4 {[%emt 0:00:07]} Rf5 {[%emt 0:00:15]} 30. Bd4 {[%emt 0:00:17]} Bb8 {[%emt 0:06:10]} 31. Re1 {[%emt 0:00:54]} c5 {[%emt 0:01:52]} 32. g4 {[%emt 0:02:06]} Rg5 {[%emt 0:04:11]} 33. Be3 {[%emt 0:00:06]} Re5 {[%emt 0:00:06]} 34. Bf4 {[%emt 0:00:03]} Re8 {[%emt 0:00:05]} 35. Bxb8 {[%emt 0:00:04]} Rxb8 {[%emt 0:00:03]} 36. Rxe4 {[%emt 0:00:05]} Ra8 {[%emt 0:00:41]} 37. Ke2 {[%emt 0:08:47]} Ra1 {[%emt 0:00:34]} 38. h4 {[%emt 0:03:09]} Rc1 {[%emt 0:02:41]} 39. Ke3 {[%emt 0:01:42]} b6 {[%emt 0:01:40]} 40. Kf4 {[%emt 0:00:00]} Rh1 {[%emt 0:00:00]} 41. Ke5 {[%emt 0:02:43]} Rxh4 {[%emt 0:18:21]} 42. Kd6 {[%emt 0:00:08]} h5 {[%emt 0:00:21]} 43. Kc6 {[%emt 0:00:58]} hxg4 {[%emt 0:00:16]} 44. Kxb6 {[%emt 0:00:27]} g5 {[%emt 0:00:07]} 45. Re1 {[%emt 0:01:22]} g3 {[%emt 0:03:52]} 46. fxg3 {[%emt 0:00:05]} Rxc4 {[%emt 0:00:04]} 47. Re5 {[%emt 0:02:18]} Rg4 {[%emt 0:00:25]} 48. Kc7 {[%emt 0:01:36]} 1-0

[Event "RUS-ch Girls U21 2021"]
[Site "Loo"]
[Date "2021.04.23"]
[Round "3.8"]
[White "Badmaeva, Baina"]
[Black "Grigorieva, Yulia"]
[Result "1/2-1/2"]
[WhiteElo "1751"]
[BlackElo "2236"]
[Annotator "TA"]
[PlyCount "133"]
[EventDate "2021.04.21"]
[EventType "swiss"]
[EventCountry "RUS"]
[SourceTitle "playchess.com"]
[Source "ChessBase"]
[SourceQuality "1"]

{[%evp 14,133,0,0,0,-15,-17,-10,-10,-2,0,-80,-68,-74,-66,-90,-58,-81,-64,-86,-54,-81,-86,-64,-64,-81,-38,-39,-38,-47,-40,-39,-40,-45,-47,-47,-47,-73,-68,-38,0,0,0,0,0,-6,0,0,0,0,0,0,0,0,0,0,0,0,0,0,0,0,0,-10,0,0,0,-23,0,0,0,0,0,0,0,-6,-6,-8,0,0,0,0,0,0,0,-37,0,0,0,-137,0,0,0,0,0,0,0,0,0,0,0,0,0,0,0,-588,0,0,0,0,0,0,0,0,0,0,0,0,0,0,0,-8]} 1. e4 c5 2. c3 d5 3. exd5 Qxd5 4. d4 e6 5. Nf3 Nf6 6. Bd3 Be7 $1 {6...Be7 scores better than 6...Nc6.} 7. O-O O-O 8. Re1 Nc6 {B22: Sicilian: 2 c3.} 9. h3 Rd8 {[%cal Rc5d4]} 10. Be3 b6 11. Nbd2 Bb7 {[%cal Rc5d4] [#]} 12. Bc2 $146 (12. Bc4 $11 {keeps the balance.} Qh5 13. dxc5) ({Predecessor:} 12. Qe2 cxd4 13. Bc4 d3 14. Bxd5 dxe2 15. Bc4 Nd5 16. Bxe2 Nxe3 17. fxe3 e5 18. Rad1 {1-0 (39) Wierzbicki,J (1584)-Dreke,F (2025) Berlin 2012}) 12... cxd4 $17 13. cxd4 Rac8 14. Bb3 Qh5 15. Nc4 Bb4 16. Rf1 Ba6 17. Rc1 Na5 {[%cal Ra5c4]} 18. Nfe5 Qxd1 19. Rfxd1 {Nxa5 would now be nice for White.} Nxc4 (19... Nxb3 {with more complications.} 20. axb3 Bb7 21. Ra1 Ra8 22. Nd3 Bf8) 20. Bxc4 Bxc4 21. Rxc4 Rxc4 22. Nxc4 Nd5 23. Ne5 f6 24. Nc6 Rc8 25. Nxb4 Nxb4 $15 {[%mdl 4096] Endgame KRB-KRN} 26. a3 Nc6 27. d5 exd5 28. Rxd5 Ne5 29. Bd4 Rc1+ 30. Kh2 Rc2 31. Rd8+ Kf7 {[#] Strongly threatening ...Nc6.} 32. Ra8 Nc6 33. Bc3 Rxf2 34. Rc8 $1 {[%cal Rc8c6]} Ne5 35. Rc7+ Kg6 36. Rxa7 Nc4 37. Kg3 Rc2 38. Bd4 Rd2 39. Bc3 Rc2 40. Bd4 Nxb2 41. Bxb6 Rc3+ 42. Kf4 Nd3+ 43. Ke3 Rb3 {aiming for ...Ne5+.} 44. Bd4 Ne5+ 45. Ke4 Nc6 46. Ra6 $1 {[%cal Ra6c6]} Nxd4 47. Kxd4 $11 {KR-KR} Rg3 48. a4 Rxg2 49. Kc5 Rh2 50. a5 Rxh3 51. Rc6 {[#]} (51. Rd6 $11 {was the only way to keep the balance.}) 51... Ra3 (51... Kf5 $1 $17 52. a6 g5) 52. a6 h5 53. Kb6 h4 54. a7 Kh6 55. Kb7 {Black must now prevent Ra6.} Rxa7+ 56. Kxa7 g5 57. Rxf6+ {KR-KPP} Kh5 58. Kb6 h3 {Threatens to win with ...g4.} 59. Kc5 $2 {[%mdl 8192]} (59. Rf7 $11 {and White stays safe.}) 59... Kg4 $2 ({Black should play} 59... g4 $19 {And now ...g3 would win.} 60. Rf7 g3) 60. Kd4 {The position is equal.} (60. Rh6 {keeps more tension.} Kg3 61. Rh5 g4 62. Kd4 h2 63. Rh6) 60... Kg3 61. Ke3 (61. Rh6 {is more complex.} h2 62. Rh5 g4 63. Rh6 Kg2 64. Ke4) 61... g4 62. Ke2 h2 63. Rh6 {Kf1 would kill now.} Kg2 64. Ke3 g3 65. Kf4 h1=Q 66. Rxh1 Kxh1 67. Kxg3 {Weighted Error Value: White=0.28/Black=0.20} 1/2-1/2

[Event "RUS-ch Girls U21 2021"]
[Site "Loo"]
[Date "2021.04.23"]
[Round "3.9"]
[White "Gelman, Inna"]
[Black "Pankova, Julia"]
[Result "0-1"]
[WhiteElo "1801"]
[BlackElo "1884"]
[Annotator "NA"]
[PlyCount "78"]
[EventDate "2021.04.21"]
[EventType "swiss"]
[EventCountry "RUS"]
[SourceTitle "playchess.com"]
[Source "ChessBase"]
[SourceQuality "1"]
[TimeControl "40/5400+30:1800+30"]

1. d4 {[%emt 0:00:00]} Nf6 {[%emt 0:00:00]} 2. Bg5 {[%emt 0:00:00]} Ne4 {[%emt 0:00:12]} 3. Bh4 {[%emt 0:00:00]} c5 {[%emt 0:00:22]} 4. d5 {[%emt 0:03:48]} Qb6 {[%emt 0:07:14]} 5. Qc1 {[%emt 0:00:35]} Na6 {[%emt 0:03:02]} 6. c3 {[%emt 0:01:02]} Nc7 {[%emt 0:04:03]} 7. f3 {[%emt 0:00:36]} g5 {[%emt 0:02:11]} 8. fxe4 {[%emt 0:00:12]} gxh4 {[%emt 0:00:05]} 9. Nd2 {[%emt 0:02:26]} Bh6 {[%emt 0:01:57]} 10. Qc2 {[%emt 0:03:44]} Qg6 {[%emt 0:00:44]} 11. O-O-O {[%emt 0:02:31]} d6 {[%emt 0:09:08]} 12. Ngf3 {[%emt 0:02:04]} Qh5 {[%emt 0:01:03]} 13. Kb1 {[%emt 0:03:43]} b5 {[%emt 0:01:44]} 14. c4 {[%emt 0:05:42]} Rb8 {[%emt 0:08:59]} 15. e5 {[%emt 0:00:56]} O-O {[%emt 0:14:06]} 16. exd6 {[%emt 0:04:27]} exd6 {[%emt 0:00:34]} 17. e4 {[%emt 0:00:19]} Bg7 {[%emt 0:06:46]} 18. Bd3 {[%emt 0:03:58]} bxc4 {[%emt 0:04:22]} 19. Nxc4 {[%emt 0:00:08]} Ba6 {[%emt 0:01:03]} 20. b3 {[%emt 0:00:16]} Nb5 {[%emt 0:04:06]} 21. Rde1 {[%emt 0:03:39]} Nc3+ {[%emt 0:04:10]} 22. Kc1 {[%emt 0:00:11]} Qh6+ {[%emt 0:01:08]} 23. Nfd2 {[%emt 0:01:36]} Nb5 {[%emt 0:01:56]} 24. Re3 {[%emt 0:06:03]} Nd4 {[%emt 0:04:19]} 25. Qd1 {[%emt 0:00:09]} Rb4 {[%emt 0:02:25]} 26. Rh3 {[%emt 0:02:42]} Rfb8 {[%emt 0:07:31]} 27. g3 {[%emt 0:06:06]} Nxb3+ {[%emt 0:03:58]} 28. axb3 {[%emt 0:00:08]} Rxb3 {[%emt 0:00:14]} 29. Rxh4 {[%emt 0:02:14]} Rc3+ {[%emt 0:02:16]} 30. Bc2 {[%emt 0:00:11]} Qf6 {[%emt 0:01:10]} 31. e5 {[%emt 0:17:43]} Qg5 {[%emt 0:00:26]} 32. Rg4 {[%emt 0:07:53]} Qf5 {[%emt 0:01:22]} 33. Rf4 {[%emt 0:01:37]} Qd7 {[%emt 0:00:28]} 34. Nb1 {[%emt 0:01:49]} Rxc4 {[%emt 0:00:35]} 35. Qd3 {[%emt 0:06:11]} Rxf4 {[%emt 0:01:10]} 36. Qxh7+ {[%emt 0:00:06]} Kf8 {[%emt 0:00:00]} 37. gxf4 {[%emt 0:00:10]} Qb5 {[%emt 0:00:54]} 38. Nc3 {[%emt 0:06:56]} Qb4 {[%emt 0:00:33]} 39. Ne4 {[%emt 0:03:13]} Qb2+ {[%emt 0:00:17]} 0-1

[Event "RUS-ch Girls U21 2021"]
[Site "Loo"]
[Date "2021.04.23"]
[Round "3.10"]
[White "Emelyanova, Victoria"]
[Black "Stroganova, Karina"]
[Result "0-1"]
[WhiteElo "1765"]
[BlackElo "1731"]
[Annotator "NA"]
[PlyCount "80"]
[EventDate "2021.04.21"]
[EventType "swiss"]
[EventCountry "RUS"]
[SourceTitle "playchess.com"]
[Source "ChessBase"]
[SourceQuality "1"]
[TimeControl "40/5400+30:1800+30"]

1. d4 {[%emt 0:00:00]} d5 {[%emt 0:00:00]} 2. Nf3 {[%emt 0:00:00]} Nf6 {[%emt 0:00:00]} 3. Bf4 {[%emt 0:00:08]} Bf5 {[%emt 0:00:13]} 4. c4 {[%emt 0:01:04]} e6 {[%emt 0:00:09]} 5. Nc3 {[%emt 0:01:28]} Bd6 {[%emt 0:01:24]} 6. Bg3 {[%emt 0:03:37]} O-O {[%emt 0:01:13]} 7. Nh4 {[%emt 0:06:23]} Bg4 {[%emt 0:02:26]} 8. c5 {[%emt 0:05:48]} Be7 {[%emt 0:01:31]} 9. h3 {[%emt 0:02:17]} Bh5 {[%emt 0:00:33]} 10. Nf3 {[%emt 0:02:26]} b6 {[%emt 0:05:49]} 11. b4 {[%emt 0:09:03]} Nc6 {[%emt 0:01:52]} 12. Qa4 {[%emt 0:06:50]} Qd7 {[%emt 0:02:51]} 13. e3 {[%emt 0:15:14]} a6 {[%emt 0:03:50]} 14. Be2 {[%emt 0:06:19]} b5 {[%emt 0:15:24]} 15. Qb3 {[%emt 0:02:19]} Ne4 {[%emt 0:02:40]} 16. Nxe4 {[%emt 0:07:29]} dxe4 {[%emt 0:00:07]} 17. Ne5 {[%emt 0:02:09]} Nxe5 {[%emt 0:00:12]} 18. Bxh5 {[%emt 0:01:59]} Nd3+ {[%emt 0:00:40]} 19. Kd2 {[%emt 0:02:49]} a5 {[%emt 0:01:22]} 20. a3 {[%emt 0:02:30]} e5 {[%emt 0:00:34]} 21. Bg4 {[%emt 0:01:47]} Qd8 {[%emt 0:00:38]} 22. d5 {[%emt 0:09:24]} f5 {[%emt 0:18:48]} 23. Be2 {[%emt 0:01:50]} f4 {[%emt 0:00:16]} 24. Bxd3 {[%emt 0:02:52]} fxg3 {[%emt 0:01:10]} 25. Bxe4 {[%emt 0:02:50]} a4 {[%emt 0:03:32]} 26. Qd3 {[%emt 0:01:32]} Rxf2+ {[%emt 0:01:09]} 27. Kc3 {[%emt 0:01:14]} Bxc5 {[%emt 0:06:27]} 28. bxc5 c6 {[%emt 0:00:06]} 29. Rab1 {[%emt 0:02:37]} Qe7 {[%emt 0:01:26]} 30. d6 {[%emt 0:00:20]} Qa7 {[%emt 0:00:10]} 31. Bd5+ {[%emt 0:00:29]} Kh8 {[%emt 0:00:45]} 32. Bc4 {[%emt 0:00:41]} Qxc5 {[%emt 0:00:37]} 33. Rb4 {[%emt 0:00:27]} Ra2 {[%emt 0:00:52]} 34. Ra1 {[%emt 0:00:33]} Rxa1 {[%emt 0:00:14]} 35. Kb2 {[%emt 0:00:03]} Rg1 {[%emt 0:01:48]} 36. d7 {[%emt 0:00:39]} Rd8 {[%emt 0:00:10]} 37. e4 {[%emt 0:00:49]} Rxg2+ {[%emt 0:00:42]} 38. Ka1 {[%emt 0:00:13]} bxc4 {[%emt 0:00:23]} 39. Rb8 {[%emt 0:00:45]} Qg1+ {[%emt 0:00:20]} 40. Qb1 {[%emt 0:00:00]} Rxb8 {[%emt 0:00:00]} 0-1